000 00284nam a2200133Ia 4500
100 _aSaboo/ K.K/ Narula/ R.K.
942 _cBK
654 _aManagement
245 _aMaterials management
260 _bUdh pub.
_aDelhi
_c1981
082 _a658.7
300 _a224
546 _aENGLISH
999 _c34060
_d34060